000 00295nam a2200109Ia 4500
008 200302s9999 xx 000 0 und d
100 _aJohn Zukowsky
245 _aJapan 2000 Architecture and Design for the Japanese Public
260 _bPrestel-Verlag, Munich
260 _c1998
300 _a158 P.,
999 _c2060
_d2060